000 00425nam a2200157 4500
001 123682
003 ES-MaACL
005 20230906192223.0
007 t|
008 070214s1972 sp r ||||1| spa d
100 1 _aQuintanilla, Félix M.
_994697
245 1 0 _aProceso a Picasso /
_cFélix M. Quintanilla.
260 _aBarcelona :
_bAcervo,
_c1972.
300 _a311 p. ;
_c20 cm.
852 _aES-MaACL
_jC-49444
_bR.84410
999 _c123682
_d123682